000 01192cam a22003377a 4500
003 CHAP
005 20220329142555.0
008 011213d2001 mx d r 00110 spa d
010 _a85130
011 _a86102
035 _a96640
040 _cCHAP
090 _aTesis
100 0 0 _aMovis Guerrero, Antonio.
_979180
245 1 0 _aEvaluación y planeación de un calendario de riego mediante Cropwat
_c/por Antonio Movis Guerrero
260 _aChapingo, Méx. :
_bEl autor,
_c2001.
300 _a108 h. :
_bcuadros ; diagrama
502 _aTesis (Ing. en Irrigación) -- UACH. Departamento de Irración
590 _aALEPH
_b10
_c20130110
_lUCH01
_h1444
590 _aBATCH-UPD
_b10
_c20130110
_lUCH01
_h0420
590 _aBATCH-UPD
_b10
_c20130410
_lUCH01
_h0055
590 _aBATCH-UPD
_b10
_c20130914
_lUCH01
_h0817
590 _aCONVERSION
_b10
_c20130109
_lUCH01
_h1347
650 1 4 _aCalendario para irrigación.
_917464
650 1 4 _aEvapotranspiración.
_938968
901 _aBK
905 _aMarco A. Mendoza T.
942 _cFOLL
949 _aTesis
_bBC
_cTES
_d33724000858155
_eTS2
_fc.2
_gDonaciØn
_h38843
_i96640
_si
949 _aTesis
_bBC
_cTES
_d966401
_eTS1
_gDonaciØn
_h38842
_i96640
_sb
999 _c85130
_d85130